Statistics for Capital Cities with the country in their name

Click here to take the quiz!

General Stats

  • This quiz has been taken 38 times
  • The average score is 7 of 11

Answer Stats

CountryCapital% Correct
GuatemalaGuatemala City
91%
MexicoMexico City
83%
LuxembourgLuxembourg
74%
PanamaPanama City
74%
Vatican CityVatican City
69%
San MarinoSan Marino
63%
SingaporeSingapore
63%
AndorraAndorra la Vella
60%
KuwaitKuwait City
60%
MonacoMonaco
60%
DjiboutiDjibouti
40%

Score Distribution

Percentile by Number Answered

Percent of People with Each Score

Your Score History

You have not taken this quiz